Геофизические признаки оруденения золото-медно-порфирового типа на Понийском участке Приамурской вулкано-плутонической зоны (Хабаровский край); Двадцать четвертая уральская молодежная научная школа по геофизике

Xehetasun bibliografikoak
Parent link:Двадцать четвертая уральская молодежная научная школа по геофизике.— 2023.— С. 256-260
Egile nagusia: Федоров В. Г. Владимир Геннадьевич
Gaia:Заглавие с экрана
Медно-порфировые месторождения с рудами прожилково-вкрапленного типа являются главными источниками меди - около 62% мировой добычи. Месторождения данного типа как правило крупные и отличаются комплексным многометальным составом руд. Содержания меди обычно колеблется от 0.16% до 0.9%, золота 0.15-0.9 г/т. В связи с этим высока актуальность анализа особенностей генерации месторождений данного типа и выявления их геофизических признаков
Porphyry copper deposits with vein-disseminated ores are the main sources of copper - about 62% of the world production. Deposits of this type are usually large and characterized by a complex multimetal composition of ores. Copper content usually ranges from 0,16% to 0,9%, gold 0,15-0,9 g/t. In this regard, the analysis of the generation features of this type of deposit and the identification of their geophysical features is highly relevant
Текстовый файл
Hizkuntza:errusiera
Argitaratua: 2023
Gaiak:
Sarrera elektronikoa:http://pts.mi-perm.ru/conf/downloads/SbornikUYS_2023_final.pdf#page=257
Formatua: MixedMaterials Baliabide elektronikoa Liburu kapitulua
KOHA link:https://koha.lib.tpu.ru/cgi-bin/koha/opac-detail.pl?biblionumber=681527

MARC

LEADER 00000naa0a2200000 4500
001 681527
005 20250904101435.0
090 |a 681527 
100 |a 20250904d2023 k||y0rusy50 ca 
101 0 |a rus 
102 |a RU 
135 |a drcn ---uucaa 
181 0 |a i   |b  e  
182 0 |a b 
183 0 |a cr  |2 RDAcarrier 
200 1 |a Геофизические признаки оруденения золото-медно-порфирового типа на Понийском участке Приамурской вулкано-плутонической зоны (Хабаровский край)  |d Geophysical features of porphyry gold-copper type mineralization in the Poniysky site of the Amur volcano-plutonic zone (Khabarovsk territory)  |f В. Г. Федоров  |z eng 
203 |a Текст  |c электронный  |b визуальный 
283 |a online_resource  |2 RDAcarrier 
300 |a Заглавие с экрана 
320 |a Список литературы: 4 назв 
330 |a Медно-порфировые месторождения с рудами прожилково-вкрапленного типа являются главными источниками меди - около 62% мировой добычи. Месторождения данного типа как правило крупные и отличаются комплексным многометальным составом руд. Содержания меди обычно колеблется от 0.16% до 0.9%, золота 0.15-0.9 г/т. В связи с этим высока актуальность анализа особенностей генерации месторождений данного типа и выявления их геофизических признаков 
330 |a Porphyry copper deposits with vein-disseminated ores are the main sources of copper - about 62% of the world production. Deposits of this type are usually large and characterized by a complex multimetal composition of ores. Copper content usually ranges from 0,16% to 0,9%, gold 0,15-0,9 g/t. In this regard, the analysis of the generation features of this type of deposit and the identification of their geophysical features is highly relevant 
336 |a Текстовый файл 
463 1 |t Двадцать четвертая уральская молодежная научная школа по геофизике  |o сборник научных материалов, Пермь, 20-24 марта 2023 года  |f Пермский федеральный исследовательский центр УрО РАН  |c Пермь  |n ГИ УрО РАН  |d 2023  |v С. 256-260 
610 1 |a Cихотэ-Алинь 
610 1 |a оруденение золото-медно-порфирового типа 
610 1 |a кварцевые диориты 
610 1 |a магниторазведка 
610 1 |a геофизические исследования 
610 1 |a скважины 
610 1 |a труды учёных ТПУ 
610 1 |a электронный ресурс 
700 1 |a Федоров  |b В. Г.  |c геофизик  |c ассистент кафедры Томского политехнического университета  |f 2000-  |g Владимир Геннадьевич  |9 88531 
801 0 |a RU  |b 63413507  |c 20250904  |g RCR 
850 |a 63413507 
856 4 |u http://pts.mi-perm.ru/conf/downloads/SbornikUYS_2023_final.pdf#page=257  |z http://pts.mi-perm.ru/conf/downloads/SbornikUYS_2023_final.pdf#page=257 
942 |c CF